Citas de Jesús - Estadísticas

Estadísticas generales
  • Esta prueba ha sido intentada 32 veces
  • La puntuación promedio es 9 de 19
Estadísticas de respuestas
Verso Cita % Correcto
Mateo 19:19 Y amarás a tu {prójimo} como a ti mismo.
96%
Juan 8:7 El que de vosotros esté sin pecado sea el primero en arrojar la {piedra} contra ella.
88%
Mateo 4:4 No solo de {pan} vivirá el hombre...
88%
Mateo 5:39 A cualquiera que te hiera en la {mejilla} derecha, vuélvele también la otra;
77%
Marcos 1:17 Y haré que seáis pescadores de {hombres}.
77%
Juan 8:32 Y conoceréis la {verdad} y la {verdad} os hará libres.
69%
Mateo 22:21 Dad, pues, a {César} lo que es de {César}, y a Dios lo que es de Dios.
58%
Lucas 18:16 Dejad a los {niños} venir a mí y no se lo impidáis.
58%
Marcos 10:25 Más fácil es pasar un {camello} por el ojo de una aguja, que entrar un rico en el reino de Dios.
54%
Marcos 8:36 ¿De qué le aprovechará al hombre ganar todo el {mundo}, si pierde su alma?
42%
Mateo 5:5 Bienaventurados los {mansos}, porque ellos recibirán la tierra por heredad.
38%
Mateo 19:6 Lo que Dios {juntó} no lo separe el hombre.1
38%
Mateo 7:1 No {juzguéis}, para que no seáis {juzgados}.
31%
Mateo 22:14 Pues muchos son llamados, pero pocos {escogidos}.
27%
Mateo 6:24 Ninguno puede servir a dos señores... No podéis servir a Dios y a las {riquezas}.
19%
Mateo 10:34 No he venido a traer paz, sino {espada}.
19%
Mateo 12:25 Ninguna ciudad o casa dividida contra sí misma {permanecerá}.
8%
Mateo 5:9 Bienaventurados los {pacificadores}, porque ellos serán llamados hijos de Dios.
4%
Mateo 16:23 ¡Quítate de delante de mí, {Satanás}!
4%
No se encontraron pruebas coincidentes
Distribución de puntuación
Porcentaje de gente con cada puntuación
Porcentaje por número respondido
Historial de tus puntuaciones
No has intentado esta prueba.